[Event "4NCL Online Division 5"]
[Site "online"]
[Date "2020.05.12"]
[Round "6.33"]
[White "Wenninger, Maxim"]
[Black "Murray, Sam"]
[Result "0-1"]
[WhiteElo "1540"]
[BlackElo "1613"]
[PlyCount "54"]
[EventDate "2020.05.12"]
[WhiteTeam "CSC 5"]
[BlackTeam "Gonzaga D"]

1. e4 d5 2. exd5 c6 3. dxc6 Nxc6 4. Bb5 e5 5. Nc3 Nf6 6. d3 Bd6 7. Bg5 h6 8.
Bh4 O-O 9. Bxc6 bxc6 10. Qf3 Re8 11. Ne4 Qa5+ 12. c3 Nxe4 13. Qxe4 Qb6 14. Qe2
f5 15. f3 Ba6 16. Bf2 Bc5 17. Qc2 e4 18. fxe4 Bxd3 19. Qxd3 Bxf2+ 20. Kf1 Rxe4
21. Nh3 Qxb2 22. Rb1 Qxa2 23. Rd1 Bb6 24. Rd2 Qe6 25. g3 Rd8 26. Qc2 Re1+ 27.
Kg2 Rxd2+ 0-1

[Event "4NCL Online Division 5"]
[Site "online"]
[Date "2020.05.12"]
[Round "6.34"]
[White "Tempany, Max"]
[Black "Khoury, Theo"]
[Result "0-1"]
[WhiteElo "1634"]
[BlackElo "1465"]
[PlyCount "122"]
[EventDate "2020.05.12"]
[WhiteTeam "Gonzaga D"]
[BlackTeam "CSC 5"]

1. e4 c5 2. Nf3 d6 3. d4 cxd4 4. Nxd4 Nf6 5. Nc3 a6 6. Bc4 e6 7. Bb3 Nbd7 8.
O-O Nc5 9. Bg5 Be7 10. f4 O-O 11. f5 e5 12. Bxf6 Bxf6 13. Nde2 b5 14. Nd5 Nxe4
15. Qd3 Nc5 16. Qf3 Bb7 17. Rad1 e4 18. Nxf6+ Qxf6 19. Qg3 Rfd8 20. Nd4 Nxb3
21. Qxb3 d5 22. a4 Rab8 23. axb5 axb5 24. Qxb5 Ba6 25. Qc5 Bxf1 26. Nc6 Ba6 27.
Nxb8 Rxb8 28. Qxd5 Qe7 29. Qa5 Bb5 30. Rd5 Qe8 31. b3 e3 32. c4 e2 33. Kf2 Bc6
34. Re5 Qd7 35. Qc3 Re8 36. Qe3 h6 37. Rxe8+ Qxe8 38. Qxe8+ Bxe8 39. Kxe2 Kf8
40. Kd3 Ke7 41. g4 Kd6 42. Kd4 f6 43. b4 Bc6 44. b5 Bf3 45. c5+ Kc7 46. c6 Kb6
47. Kc4 Bxg4 48. Kd5 Bxf5 49. Kd6 Kxb5 50. c7 Bc8 51. Ke7 f5 52. Kd8 Ba6 53.
c8=Q Bxc8 54. Kxc8 f4 55. Kd7 f3 56. Ke7 f2 57. Kf7 f1=Q+ 58. Kxg7 Qf4 59. Kg6
Kc6 60. h3 Kd6 61. Kh5 Qg5# 0-1

[Event "4NCL Online Division 5"]
[Site "online"]
[Date "2020.05.12"]
[Round "6.41"]
[White "Cheal, Barry A"]
[Black "Jackson, Edward"]
[Result "1-0"]
[WhiteElo "2193"]
[BlackElo "1712"]
[PlyCount "113"]
[EventDate "2020.05.12"]
[WhiteTeam "Hertford"]
[BlackTeam "Manchester Juniors B"]

1. d4 Nf6 2. c4 e6 3. Nc3 d5 4. Bg5 Nbd7 5. Nf3 Be7 6. e3 O-O 7. Qc2 a6 8. cxd5
exd5 9. Bd3 h6 10. Bh4 c6 11. O-O Re8 12. h3 Nf8 13. Ne5 N6d7 14. Bg3 Nxe5 15.
Bxe5 Bd6 16. Bxd6 Qxd6 17. Na4 Nd7 18. Rac1 Nf6 19. Nc5 Qe7 20. Bf5 Bxf5 21.
Qxf5 Ne4 22. Nxe4 Qxe4 23. Qxe4 Rxe4 24. Rc5 f5 25. g3 g5 26. Rc3 f4 27. Rb3
Re7 28. Kg2 Rf8 29. Rd1 fxe3 30. Rxe3 Rxe3 31. fxe3 Rf7 32. Rd2 Kf8 33. Rf2 h5
34. g4 hxg4 35. hxg4 Rxf2+ 36. Kxf2 Ke7 37. Ke2 Kd6 38. Kd3 Ke7 39. Kc3 Kd6 40.
Kb4 b6 41. Kc3 c5 42. b3 Kc6 43. dxc5 bxc5 44. b4 c4 45. a4 Kd6 46. Kd4 Kc6 47.
e4 dxe4 48. Kxc4 e3 49. Kd3 Kd5 50. Kxe3 Kc4 51. b5 axb5 52. axb5 Kxb5 53. Ke4
Kc6 54. Kf5 Kd6 55. Kxg5 Ke7 56. Kg6 Kf8 57. Kh7 1-0

[Event "4NCL Online Division 5"]
[Site "online"]
[Date "2020.05.12"]
[Round "6.42"]
[White "Jayawarna, Tarini"]
[Black "Buswell, A Mark"]
[Result "0-1"]
[WhiteElo "1520"]
[BlackElo "1810"]
[PlyCount "154"]
[EventDate "2020.05.12"]
[WhiteTeam "Manchester Juniors B"]
[BlackTeam "Hertford"]

1. e4 e5 2. Nf3 Nc6 3. Bb5 Nf6 4. O-O d6 5. Re1 a6 6. Ba4 b5 7. Bb3 Be7 8. h3
Na5 9. c3 Nxb3 10. Qxb3 Bb7 11. Qc2 c5 12. d3 O-O 13. Nbd2 Qc7 14. Nf1 h6 15.
Ne3 Rfe8 16. Nf5 Bf8 17. Qe2 d5 18. exd5 Bxd5 19. Nh2 c4 20. dxc4 Bxc4 21. Qc2
Rad8 22. Ne3 Bd3 23. Qb3 Bd6 24. Rd1 e4 25. Nhg4 Nxg4 26. Nxg4 Be2 27. Rd4 Bxg4
28. hxg4 Bc5 29. Rxd8 Qxd8 30. Bf4 Qh4 31. g3 Qxg4 32. Qd5 Be7 33. Qxe4 g5 34.
Qc6 Rc8 35. Qb7 gxf4 36. Qxe7 fxg3 37. fxg3 Qxg3+ 38. Kf1 Qh3+ 39. Kf2 Qf5+ 40.
Ke2 Qg4+ 41. Kd3 Qg6+ 42. Kd4 Rc4+ 43. Ke3 Qg5+ 44. Qxg5+ hxg5 45. Rg1 f6 46.
Rf1 Kg7 47. Kd3 Kg6 48. b3 Rc6 49. Ke4 Rxc3 50. Rf2 Rc1 51. Rf3 f5+ 52. Ke5
Re1+ 53. Kd6 Kf6 54. Kc5 g4 55. Rg3 Re6 56. Kd5 Re5+ 57. Kd4 Re4+ 58. Kd5 Kg5
59. Rc3 Re2 60. a3 f4 61. Kd4 Re6 62. Kd5 Rf6 63. Ke4 f3 64. Rc1 f2 65. Rf1 g3
66. Ke5 Rf8 67. a4 bxa4 68. bxa4 Re8+ 69. Kd5 Re1 70. Kc5 Rxf1 71. Kb6 Ra1 72.
Kxa6 f1=Q+ 73. Ka5 Qf5+ 74. Kb4 Qe4+ 75. Kb3 Qxa4+ 76. Kb2 Ra2+ 77. Kc3 Qc2+
0-1

[Event "4NCL Online Division 5"]
[Site "online"]
[Date "2020.05.12"]
[Round "6.43"]
[White "Judkins, Brian D"]
[Black "Fairclough, William"]
[Result "1-0"]
[WhiteElo "1697"]
[BlackElo "1412"]
[PlyCount "65"]
[EventDate "2020.05.12"]
[WhiteTeam "Hertford"]
[BlackTeam "Manchester Juniors B"]

1. e4 e5 2. Nf3 Nc6 3. d4 exd4 4. c3 dxc3 5. Nxc3 Bb4 6. Bc4 Nf6 7. e5 Ne4 8.
Qd5 O-O 9. Qxe4 Bxc3+ 10. bxc3 d6 11. O-O Re8 12. Ng5 Nxe5 13. Qxh7+ Kf8 14.
Bb3 Qf6 15. f4 Ng6 16. Bxf7 Rd8 17. Re1 Qxf7 18. Nxf7 Kxf7 19. Qh5 Rh8 20. Qd5+
Kf8 21. c4 Rh6 22. c5 Ne7 23. Qe4 Re6 24. Qxe6 Bxe6 25. Rxe6 dxc5 26. Ba3 b6
27. Rae1 Re8 28. Bb2 c6 29. f5 Kf7 30. f6 gxf6 31. Bxf6 a5 32. Rxe7+ Rxe7 33.
Bxe7 1-0

[Event "4NCL Online Division 5"]
[Site "online"]
[Date "2020.05.12"]
[Round "6.44"]
[White "Jayawarna, Thisumi"]
[Black "Wooster, Nick"]
[Result "0-1"]
[WhiteElo "1316"]
[BlackElo "1690"]
[PlyCount "84"]
[EventDate "2020.05.12"]
[WhiteTeam "Manchester Juniors B"]
[BlackTeam "Hertford"]

1. e4 c5 2. Nf3 d6 3. d4 cxd4 4. Nxd4 Nc6 5. Nc3 Nf6 6. f3 g6 7. Be3 Bg7 8. Qd2
O-O 9. O-O-O Nxd4 10. Bxd4 Be6 11. Kb1 a6 12. g4 Qc7 13. h4 b5 14. h5 b4 15.
Ne2 a5 16. hxg6 fxg6 17. Nf4 Bc4 18. Bxc4+ Qxc4 19. Qh2 e5 20. g5 Nh5 21. Nxh5
gxh5 22. Be3 Rxf3 23. Qxh5 Qxe4 24. Bg1 Rc8 25. Rh2 d5 26. Ka1 d4 27. Rh4 Qf5
28. Rh2 Rf1 29. b3 Rxd1+ 30. Qxd1 Qxg5 31. Rh5 Qg6 32. Kb1 e4 33. Rxa5 d3 34.
Rc5 Rxc5 35. Bxc5 Qf6 36. Kc1 Qb2+ 37. Kd2 Qc3+ 38. Kc1 Qxc5 39. c4 bxc3 40.
Qf1 Qa3+ 41. Kd1 c2+ 42. Kd2 Bh6+ 0-1

[Event "4NCL Online Division 5"]
[Site "online"]
[Date "2020.05.12"]
[Round "6.51"]
[White "Whatmore, Steve"]
[Black "Bensoussane, Riyad"]
[Result "0-1"]
[WhiteElo "1817"]
[BlackElo "1720"]
[PlyCount "68"]
[EventDate "2020.05.12"]
[WhiteTeam "Rugeley"]
[BlackTeam "Temple Sutton"]

1. d4 d5 2. Nf3 Nf6 3. c4 c6 4. Nc3 e6 5. Bf4 Bd6 6. Bxd6 Qxd6 7. e3 O-O 8. Be2
Nbd7 9. O-O dxc4 10. Bxc4 b5 11. Bd3 a6 12. Rc1 Bb7 13. e4 e5 14. dxe5 Nxe5 15.
Nxe5 Qxe5 16. Qe2 c5 17. Rfe1 Rfe8 18. f3 Rad8 19. Qe3 Nd5 20. Nxd5 Rxd5 21. b3
Rd4 22. Bc2 f5 23. Rcd1 fxe4 24. Bxe4 Bxe4 25. Rxd4 cxd4 26. Qxe4 Qxe4 27. Rxe4
Rxe4 28. fxe4 Kf7 29. Kf2 Ke6 30. Ke2 Ke5 31. Kd3 b4 32. g3 g6 33. h3 h6 34. h4
h5 0-1

[Event "4NCL Online Division 5"]
[Site "online"]
[Date "2020.05.12"]
[Round "6.52"]
[White "Modhura, Urbi"]
[Black "Carr, Matthew"]
[Result "0-1"]
[WhiteElo "1682"]
[BlackElo "1692"]
[PlyCount "62"]
[EventDate "2020.05.12"]
[WhiteTeam "Temple Sutton"]
[BlackTeam "Rugeley"]

1. e4 c6 2. d4 d5 3. e5 Bf5 4. Nf3 e6 5. c3 Nd7 6. Be3 Qb6 7. Bc1 Be7 8. Bd3
Bg6 9. Qc2 Nh6 10. Bxg6 hxg6 11. Nbd2 Nf5 12. Nb3 Nh4 13. Nxh4 Rxh4 14. Be3
O-O-O 15. O-O-O Rdh8 16. h3 Qa6 17. Kb1 Nb6 18. Qc1 Nc4 19. Bg5 Bxg5 20. Qxg5
Re4 21. Nc5 Qb5 22. Nb3 Re2 23. Qc1 Rxb2+ 24. Ka1 Rxf2 25. Nd2 Ne3 26. Rdg1 Qd3
27. Rd1 Nxd1 28. Rxd1 Qe2 29. g4 Rxh3 30. Kb2 Rd3 31. Kb3 Rxd2 0-1

[Event "4NCL Online Division 5"]
[Site "online"]
[Date "2020.05.12"]
[Round "6.53"]
[White "Sullivan, Luke"]
[Black "Audhora, Purba"]
[Result "0-1"]
[WhiteElo "1585"]
[BlackElo "1577"]
[PlyCount "100"]
[EventDate "2020.05.12"]
[WhiteTeam "Rugeley"]
[BlackTeam "Temple Sutton"]

1. Nf3 Nf6 2. c4 e6 3. Nc3 d5 4. cxd5 exd5 5. d4 Bf5 6. Bd2 Be7 7. Qb3 b6 8. e3
O-O 9. Be2 c5 10. a3 c4 11. Qa2 a6 12. Rc1 Nc6 13. Bd1 b5 14. Ne2 Bd6 15. Ng3
Bd3 16. Bc2 Bg6 17. O-O Qe7 18. Rfe1 Ne4 19. Bc3 Rae8 20. Nxe4 Bxe4 21. Bxe4
Qxe4 22. Qb1 Qg4 23. Qc2 Re6 24. Qe2 Rg6 25. g3 Qe6 26. Rc2 h5 27. Kh1 Qe4 28.
Kg1 h4 29. Kg2 Qg4 30. h3 Qe4 31. g4 f5 32. Kf1 fxg4 33. hxg4 Qxg4 34. Rd1 Rxf3
35. Ke1 Qg2 36. Qf1 Qg4 37. Kd2 Rgf6 38. Kc1 h3 39. Qh1 h2 40. Rf1 Rg6 41. Be1
Qg2 42. Qxg2 Rxg2 43. Rh1 Rg1 44. Rxg1 hxg1=Q 45. Kd2 b4 46. Ke2 Rh3 47. axb4
Nxb4 48. Rc3 Nd3 49. Rxd3 cxd3+ 50. Kd2 Bb4+ 0-1

[Event "4NCL Online Division 5"]
[Site "online"]
[Date "2020.05.12"]
[Round "6.54"]
[White "Patey, Joe"]
[Black "Wood, Ryan"]
[Result "0-1"]
[WhiteElo "1225"]
[BlackElo "1322"]
[PlyCount "84"]
[EventDate "2020.05.12"]
[WhiteTeam "Temple Sutton"]
[BlackTeam "Rugeley"]

1. d4 d5 2. c4 e6 3. Nc3 Nf6 4. Nf3 Be7 5. Bf4 O-O 6. e3 c5 7. Be2 Nc6 8. Ne5
Qb6 9. Qb3 cxd4 10. Qxb6 axb6 11. Nb5 Bb4+ 12. Kd1 Nxe5 13. Bxe5 Ne4 14. Bg3
dxe3 15. fxe3 dxc4 16. Rc1 Rd8+ 17. Kc2 Rd2+ 18. Kb1 Rxe2 19. Rxc4 Nd2+ 20. Kc1
Nxc4 21. Rd1 Rxa2 22. Rd8+ Bf8 23. Kb1 Rexb2+ 24. Kc1 Rxb5 25. Rxc8 Nxe3 26.
Bd6 Rc2+ 27. Rxc2 Nxc2 28. Bxf8 Kxf8 29. Kxc2 Rf5 30. Kb3 Rf2 31. g4 Rxh2 32.
Kb4 Rh4 33. Kb5 Rxg4 34. Kxb6 Rc4 35. Kxb7 Ke7 36. Kb6 Kd6 37. Kb5 Rc8 38. Kb4
Kd5 39. Kb5 Rb8+ 40. Ka6 Kc6 41. Ka7 Rb1 42. Ka6 Ra1# 0-1

[Event "4NCL Online Division 5"]
[Site "online"]
[Date "2020.05.12"]
[Round "6.61"]
[White "Khan, Samir"]
[Black "Shah, Kian"]
[Result "1-0"]
[WhiteElo "1600"]
[BlackElo "1735"]
[PlyCount "59"]
[EventDate "2020.05.12"]
[WhiteTeam "MCS Oxford Juniors"]
[BlackTeam "Chess Warriors"]

1. e4 c5 2. Nf3 d6 3. d4 cxd4 4. Nxd4 Nf6 5. Nc3 g6 6. f4 Bg7 7. e5 dxe5 8.
fxe5 Ng4 9. Bb5+ Bd7 10. Qxg4 Bxb5 11. Ncxb5 Bxe5 12. Bf4 Bxf4 13. Qxf4 O-O 14.
O-O-O Nd7 15. Nf3 a6 16. Nc3 Qb8 17. Qb4 Nf6 18. Qxe7 Qf4+ 19. Kb1 Rfe8 20.
Qxb7 Reb8 21. Qc6 Qb4 22. b3 Kg7 23. Nd5 Nxd5 24. Qxd5 a5 25. Ng5 Qe7 26. Rhf1
Rf8 27. Rde1 Qc7 28. Rxf7+ Rxf7 29. Ne6+ Kg8 30. Qxa8+ 1-0

[Event "4NCL Online Division 5"]
[Site "online"]
[Date "2020.05.12"]
[Round "6.62"]
[White "Gurjar, Roshan"]
[Black "Bridson, Ewan"]
[Result "1/2-1/2"]
[WhiteElo "1712"]
[BlackElo "1525"]
[PlyCount "138"]
[EventDate "2020.05.12"]
[WhiteTeam "Chess Warriors"]
[BlackTeam "MCS Oxford Juniors"]

1. e4 c6 2. d4 d5 3. Nd2 dxe4 4. Nxe4 Nf6 5. Nxf6+ exf6 6. Nf3 Na6 7. c3 Bf5 8.
Bc4 Bd6 9. O-O O-O 10. Re1 Re8 11. Rxe8+ Qxe8 12. Be3 Nc7 13. Qd2 Qd7 14. Re1
Nd5 15. Bxd5 cxd5 16. h3 Be4 17. Nh2 Re8 18. f3 Bg6 19. Bf2 Rxe1+ 20. Bxe1 Qf5
21. Qe2 h6 22. b3 Qe6 23. Qxe6 fxe6 24. b4 Kf7 25. Nf1 Bd3 26. Ne3 f5 27. a4 b6
28. Kf2 g5 29. g4 fxg4 30. Nxg4 Kg7 31. Ne5 Bxe5 32. dxe5 Kg6 33. Ke3 Bf1 34.
h4 gxh4 35. Bxh4 Kf5 36. Bg3 h5 37. Kd4 Kg5 38. Ke3 a5 39. bxa5 bxa5 40. Bf4+
Kf5 41. Bh2 Bc4 42. Bg3 Bb3 43. Bh4 Kxe5 44. Bd8 Bxa4 45. Bxa5 Kf5 46. Bb4 Bd1
47. Bd6 h4 48. Kf2 e5 49. Be7 h3 50. Kg3 h2 51. Kxh2 Kf4 52. Kg2 Bxf3+ 53. Kf2
Bd1 54. Ke1 Ba4 55. Kd2 Kf3 56. Bd6 Ke4 57. Bc5 Bd7 58. Be3 Bb5 59. Bc5 Bf1 60.
Be3 d4 61. cxd4 exd4 62. Bg1 d3 63. Bc5 Bh3 64. Bf2 Bg2 65. Bc5 Bf1 66. Bf2 Kf3
67. Bc5 Ke4 68. Bf2 Kf3 69. Bc5 Ke4 1/2-1/2

[Event "4NCL Online Division 5"]
[Site "online"]
[Date "2020.05.12"]
[Round "6.63"]
[White "Li, Reya"]
[Black "Vyas, Alisha"]
[Result "0-1"]
[WhiteElo "1450"]
[BlackElo "1675"]
[PlyCount "158"]
[EventDate "2020.05.12"]
[WhiteTeam "MCS Oxford Juniors"]
[BlackTeam "Chess Warriors"]

1. e4 c5 2. Nf3 d6 3. c3 Nf6 4. Be2 g6 5. Qc2 Bg7 6. d4 cxd4 7. cxd4 O-O 8. O-O
Nc6 9. Nc3 Bg4 10. Be3 a6 11. h3 Bd7 12. Rfd1 Rc8 13. e5 Ne8 14. Qd2 Bf5 15.
Bh6 dxe5 16. Bxg7 Kxg7 17. d5 Nd4 18. Nxd4 exd4 19. Qxd4+ Kg8 20. Bg4 Bxg4 21.
Qxg4 Nf6 22. Qd4 Qd6 23. Ne4 Nxe4 24. Qxe4 Rfd8 25. Rd2 Rc7 26. Rad1 Qb6 27.
Qe5 Rd6 28. Qg3 Rcd7 29. Qe5 Qc5 30. a3 a5 31. g3 e6 32. Qe3 Qxe3 33. fxe3 Rxd5
34. Rxd5 Rxd5 35. Rc1 b5 36. Kf2 Rd2+ 37. Kf3 Rxb2 38. Rc8+ Kg7 39. Ra8 a4 40.
Rd8 Rb3 41. Rb8 Rxa3 42. Rxb5 Ra1 43. Ra5 a3 44. Ke4 a2 45. g4 h6 46. Ra7 g5
47. Ra6 Kg6 48. Ra5 h5 49. Ra8 hxg4 50. hxg4 f5+ 51. gxf5+ exf5+ 52. Ke5 Re1
53. Rxa2 Rxe3+ 54. Kd4 Re4+ 55. Kd3 Kh5 56. Rf2 Re5 57. Kd4 Ra5 58. Ke3 Ra3+
59. Kd4 f4 60. Ke4 Kg4 61. Rg2+ Rg3 62. Rf2 Re3+ 63. Kd4 Kg3 64. Rd2 Kf3 65.
Rd1 Re2 66. Kd3 g4 67. Rf1+ Rf2 68. Rg1 g3 69. Rh1 g2 70. Rh3+ Kg4 71. Rh8 Kg3
72. Rg8+ Kh2 73. Rh8+ Kg1 74. Rc8 f3 75. Ke3 Rf1 76. Rg8 Kh2 77. Rh8+ Kg3 78.
Rg8+ Kh4 79. Rh8+ Kg5 0-1

[Event "4NCL Online Division 5"]
[Site "online"]
[Date "2020.05.12"]
[Round "6.64"]
[White "Gurjar, Siena"]
[Black "Li, Evan"]
[Result "1-0"]
[WhiteElo "1382"]
[BlackElo "1435"]
[PlyCount "83"]
[EventDate "2020.05.12"]
[WhiteTeam "Chess Warriors"]
[BlackTeam "MCS Oxford Juniors"]

1. e4 c5 2. Nf3 Nc6 3. d4 cxd4 4. Nxd4 e5 5. Nxc6 bxc6 6. Nc3 Nf6 7. Bg5 h6 8.
Bh4 Be7 9. Bc4 Qb6 10. Bb3 Ba6 11. Bg3 d6 12. Qd2 O-O 13. O-O-O Rab8 14. f3 Bc4
15. Bf2 Qb7 16. Bxa7 Qxa7 17. Bxc4 Rb7 18. Bb3 Rfb8 19. Qd3 c5 20. Qc4 Bf8 21.
a3 Rd8 22. h4 h5 23. Rh3 g6 24. Rg3 Bh6+ 25. Kb1 Bf4 26. Rxg6+ Kh7 27. Rxf6
Rbd7 28. Nb5 Qb6 29. Rxf7+ Rxf7 30. Qxf7+ Kh6 31. Qf6+ Kh7 32. Nxd6 Bh6 33. Bf7
Bf4 34. Qg6+ Kh8 35. Qxh5+ Kg7 36. Nf5+ Kf8 37. Rxd8+ Qxd8 38. Qh8+ Kxf7 39.
Qxd8 Kg6 40. g4 c4 41. h5+ Kh7 42. Qe7+ 1-0

[Event "4NCL Online Division 5"]
[Site "online"]
[Date "2020.05.12"]
[Round "6.71"]
[White "Ball, Matthew P"]
[Black "Dicen, Imogen"]
[Result "1-0"]
[WhiteElo "1750"]
[BlackElo "1847"]
[PlyCount "93"]
[EventDate "2020.05.12"]
[WhiteTeam "Doughnuts of Doom"]
[BlackTeam "Warwickshire Bears B"]

1. d4 f5 2. Bg5 g6 3. h4 Bg7 4. Nf3 b6 5. e3 Bb7 6. Bc4 h6 7. Bf4 Nf6 8. Ne5
Nc6 9. Nf7 Qc8 10. Nxh8 Bxh8 11. Bxh6 d5 12. Be2 Qd7 13. h5 g5 14. Bxg5 Ne4 15.
Bh4 O-O-O 16. Nd2 Kb8 17. Nxe4 dxe4 18. Qd2 Rf8 19. Bg3 e6 20. O-O-O Bg7 21.
Kb1 Ne7 22. c4 Ka8 23. h6 Bh8 24. Be5 a6 25. Bxh8 Rxh8 26. d5 exd5 27. cxd5 Qd6
28. h7 Nc8 29. Qc3 Qd8 30. Qg7 Kb8 31. Bh5 a5 32. Bf7 Ka7 33. Bg8 Rxh7 34. Rxh7
Nd6 35. Qxc7 Qxg8 36. Rd7 Qg4 37. Rc1 Qe2 38. Rxd6 Qd3+ 39. Ka1 Qb5 40. Rd7 Qa6
41. Qxb7+ Qxb7 42. Rxb7+ Kxb7 43. d6 b5 44. d7 b4 45. d8=Q Ka6 46. Qb8 b3 47.
Rc6# 1-0

[Event "4NCL Online Division 5"]
[Site "online"]
[Date "2020.05.12"]
[Round "6.72"]
[White "Monga, Kanav"]
[Black "Smith, David W"]
[Result "1/2-1/2"]
[WhiteElo "1682"]
[BlackElo "1727"]
[PlyCount "35"]
[EventDate "2020.05.12"]
[WhiteTeam "Warwickshire Bears B"]
[BlackTeam "Doughnuts of Doom"]

1. d4 Nf6 2. Bf4 g6 3. Nc3 d5 4. e3 c6 5. h4 h5 6. Be2 Qb6 7. a3 Bg7 8. Qd2
Nbd7 9. O-O-O Ne4 10. Nxe4 dxe4 11. g4 Nf6 12. gxh5 Nxh5 13. Be5 f6 14. Bh2 Be6
15. f3 Bf5 16. Qc3 O-O-O 17. Qc4 Rd5 18. Qc3 1/2-1/2

[Event "4NCL Online Division 5"]
[Site "online"]
[Date "2020.05.12"]
[Round "6.73"]
[White "Ball, Katie C"]
[Black "Dicen, Elis Denele"]
[Result "0-1"]
[WhiteElo "1532"]
[BlackElo "1697"]
[PlyCount "76"]
[EventDate "2020.05.12"]
[WhiteTeam "Doughnuts of Doom"]
[BlackTeam "Warwickshire Bears B"]

1. d4 e6 2. Nf3 d5 3. Bf4 Bd6 4. Bg3 Nf6 5. Nbd2 b6 6. e3 Bb7 7. Bh4 Nbd7 8.
Bd3 h6 9. c4 O-O 10. O-O c5 11. Rc1 Rc8 12. Re1 cxd4 13. exd4 Bb4 14. Ne5 Be7
15. f4 Ne8 16. Bxe7 Qxe7 17. Qh5 Nef6 18. Qh4 Qd6 19. Ndf3 dxc4 20. Bxc4 Bxf3
21. Nxf3 Rfe8 22. Bd3 Qb4 23. g4 Rxc1 24. Rxc1 Qd6 25. g5 Qd5 26. Rf1 Nh7 27.
gxh6 g6 28. Qg3 Ndf8 29. Re1 Rd8 30. Re5 Qxa2 31. f5 exf5 32. Bxf5 Qa1+ 33. Kg2
Qxb2+ 34. Kh3 Qc1 35. Bxg6 Nxg6 36. Rh5 Qf1+ 37. Kg4 Nf6+ 38. Kg5 Ne4+ 0-1

[Event "4NCL Online Division 5"]
[Site "online"]
[Date "2020.05.12"]
[Round "6.74"]
[White "Fellowes, Billy"]
[Black "Ball, Charlie"]
[Result "1-0"]
[WhiteElo "1555"]
[BlackElo "1555"]
[PlyCount "81"]
[EventDate "2020.05.12"]
[WhiteTeam "Warwickshire Bears B"]
[BlackTeam "Doughnuts of Doom"]

1. g3 e5 2. Bg2 d6 3. c4 Nd7 4. Nc3 Ngf6 5. b3 c6 6. Bb2 Be7 7. e3 Qc7 8. d4 h6
9. Nge2 Nf8 10. O-O Ng6 11. f4 Ng4 12. Qd2 f5 13. Nc1 Bd7 14. Nd3 e4 15. Nf2
Nf6 16. Rac1 O-O-O 17. b4 h5 18. c5 d5 19. a4 a6 20. Rb1 h4 21. Ba3 hxg3 22.
hxg3 Nh5 23. Nh1 Nf8 24. b5 g5 25. bxa6 bxa6 26. Rb6 gxf4 27. gxf4 Re8 28. Qe2
Kd8 29. Rfb1 Bc8 30. Na2 Nd7 31. Rxa6 Bxa6 32. Qxa6 Nb8 33. Qa8 Kd7 34. Rb7 Na6
35. Qxa6 Qxb7 36. Qxb7+ Ke6 37. Qxc6+ Kf7 38. Qxd5+ Kf6 39. Qe5+ Kg6 40. Bh3
Ng7 41. Kg2 1-0

[Event "4NCL Online Division 5"]
[Site "online"]
[Date "2020.05.12"]
[Round "6.81"]
[White "Robinson, Brian"]
[Black "Moore, Eoin"]
[Result "0-1"]
[WhiteElo "1750"]
[BlackElo "1558"]
[PlyCount "100"]
[EventDate "2020.05.12"]
[WhiteTeam "Bishop Trojans"]
[BlackTeam "Kent KJCA Kestrels D"]

1. e4 e6 2. Nf3 d5 3. exd5 exd5 4. h3 Bf5 5. d4 Bd6 6. Bd3 Bxd3 7. Qxd3 Nf6 8.
Qb5+ Nbd7 9. Qxb7 Qe7+ 10. Be3 O-O 11. b3 Bf4 12. O-O Bxe3 13. Re1 Qd6 14. Qb5
Bf4 15. Qd3 Rfe8 16. Nc3 Qb6 17. Qf5 Qa5 18. Rxe8+ Rxe8 19. Nxd5 Qxd5 20. Qxf4
Qd6 21. Qxd6 cxd6 22. c4 Re2 23. Kf1 Rc2 24. Ne1 Rb2 25. f3 Nh5 26. d5 Nc5 27.
Kg1 Nf4 28. Kh2 a5 29. Kg3 g5 30. h4 h6 31. hxg5 hxg5 32. Kg4 f6 33. Kf5 Kf7
34. g3 Ne2 35. Kg4 Kg6 36. f4 f5+ 37. Kf3 gxf4 38. gxf4 Ne4 39. Nd3 Rd2 40. Ke3
N2c3 41. c5 Nxd5+ 42. Kd4 Nxf4 43. Ke3 Nd5+ 44. Kd4 Nb4 45. cxd6 Rxd3+ 46. Kc4
Nxd6+ 47. Kc5 Ne4+ 48. Kb5 Rd5+ 49. Kc4 Rc5+ 50. Kd4 Nc2+ 0-1

[Event "4NCL Online Division 5"]
[Site "online"]
[Date "2020.05.12"]
[Round "6.82"]
[White "Dorman, Orla"]
[Black "Smith, Peter J"]
[Result "0-1"]
[WhiteElo "1464"]
[BlackElo "1667"]
[PlyCount "88"]
[EventDate "2020.05.12"]
[WhiteTeam "Kent KJCA Kestrels D"]
[BlackTeam "Bishop Trojans"]

1. e4 a6 2. d4 h6 3. f4 d6 4. c4 c6 5. Nf3 Qc7 6. Bd3 Nd7 7. Nc3 g5 8. fxg5
hxg5 9. Bxg5 Bg7 10. Be3 Ngf6 11. Qd2 Ng4 12. Bf4 e5 13. dxe5 dxe5 14. Bg3 f6
15. h3 Nc5 16. Bc2 Bd7 17. O-O-O Bh6 18. hxg4 Bxd2+ 19. Kxd2 Rxh1 20. Rxh1
O-O-O 21. g5 Bg4+ 22. Kc1 Bxf3 23. gxf3 fxg5 24. Rh5 Qd6 25. Kb1 Rf8 26. Rxg5
Rxf3 27. a3 Nd7 28. Ba4 Qd3+ 29. Ka2 Rxg3 30. Rf5 Rg2 31. Nd1 Qxe4 32. Rh5 Nc5
33. Rh8+ Kc7 34. Bb3 Nxb3 35. Kxb3 Qc2+ 36. Kb4 Qxd1 37. Rh7+ Kb6 38. c5+ Ka7
39. a4 Qd2+ 40. Kc4 Qc2+ 41. Kb4 Qxh7 42. b3 Qe4+ 43. Ka3 a5 44. b4 Qd3# 0-1

[Event "4NCL Online Division 5"]
[Site "online"]
[Date "2020.05.12"]
[Round "6.83"]
[White "Bainbridge, Bryan J"]
[Black "Brightley-Davies, Ciaran"]
[Result "0-1"]
[WhiteElo "1570"]
[BlackElo "1454"]
[PlyCount "100"]
[EventDate "2020.05.12"]
[WhiteTeam "Bishop Trojans"]
[BlackTeam "Kent KJCA Kestrels D"]

1. e4 e6 2. Nc3 d5 3. g3 dxe4 4. Nxe4 Bd7 5. Bg2 Bc6 6. f3 Nd7 7. d3 Ngf6 8.
Nxf6+ Qxf6 9. Rb1 Bd6 10. Qe2 O-O 11. f4 Bxg2 12. Qxg2 c6 13. Nf3 e5 14. fxe5
Nxe5 15. O-O Nxf3+ 16. Rxf3 Qe6 17. b3 Rae8 18. Bd2 Bc5+ 19. Kh1 Qe2 20. Re1
Qxg2+ 21. Kxg2 Rxe1 22. Bxe1 Re8 23. Kf1 g6 24. Bf2 Bxf2 25. Kxf2 Re5 26. Re3
Rc5 27. c4 Ra5 28. Re2 Rf5+ 29. Kg2 Kf8 30. g4 Rf6 31. Kg3 Re6 32. Rxe6 fxe6
33. Kf4 h6 34. a4 Ke7 35. Ke5 c5 36. d4 cxd4 37. Kxd4 Kf6 38. h4 h5 39. gxh5
gxh5 40. Ke4 a5 41. c5 e5 42. Ke3 Kf5 43. Kf3 e4+ 44. Ke3 Ke5 45. Kf2 Kf4 46.
Ke2 e3 47. Ke1 Kg4 48. Ke2 Kxh4 49. Kxe3 Kg3 50. Ke2 Kg2 0-1

[Event "4NCL Online Division 5"]
[Site "online"]
[Date "2020.05.12"]
[Round "6.84"]
[White "Chaban, Roxolana"]
[Black "Berry, Robert"]
[Result "1/2-1/2"]
[WhiteElo "1462"]
[BlackElo "1562"]
[PlyCount "114"]
[EventDate "2020.05.12"]
[WhiteTeam "Kent KJCA Kestrels D"]
[BlackTeam "Bishop Trojans"]

1. e4 e5 2. Nf3 Nc6 3. Bc4 Bc5 4. c3 a6 5. d4 exd4 6. cxd4 Be7 7. O-O d6 8. h3
Nf6 9. e5 dxe5 10. dxe5 Ne4 11. Qxd8+ Bxd8 12. Bd5 Nc5 13. Bxc6+ bxc6 14. Nc3
Be6 15. Be3 Nd3 16. b3 Nb4 17. Bc5 Nd5 18. Ne4 Be7 19. Bxe7 Nxe7 20. Rfd1 O-O
21. Rac1 Bd5 22. Ned2 h6 23. Nd4 Rfd8 24. N2f3 a5 25. a3 Rab8 26. Rb1 Bxf3 27.
Nxf3 Rxd1+ 28. Rxd1 Rxb3 29. Rd7 Nd5 30. Nd4 Rxa3 31. Nxc6 Nc3 32. Rxc7 Ne2+
33. Kh2 Rc3 34. Ne7+ Kf8 35. Ra7 a4 36. Nd5 Rc8 37. Rxa4 Rd8 38. Ra5 Nd4 39. f4
Nf5 40. Nc7 Ke7 41. Ra7 Rd7 42. Nd5+ Ke6 43. Rxd7 Kxd7 44. g4 Nd4 45. Kg2 Ke6
46. Nc3 g5 47. fxg5 hxg5 48. Ne4 Kxe5 49. Nxg5 f5 50. Kg3 Ne2+ 51. Kh4 fxg4 52.
hxg4 Kf6 53. Kh5 Ng3+ 54. Kh6 Nf5+ 55. Kh5 Ng3+ 56. Kh4 Nf5+ 57. Kh5 Ng3+
1/2-1/2

[Event "4NCL Online Division 5"]
[Site "online"]
[Date "2020.05.12"]
[Round "6.91"]
[White "Fruchtenicht, Eggert"]
[Black "Dunlop, Anthony"]
[Result "0-1"]
[WhiteElo "1832"]
[BlackElo "1784"]
[PlyCount "58"]
[EventDate "2020.05.12"]
[WhiteTeam "Maryport Assassins B"]
[BlackTeam "East Kilbride"]

1. e4 c5 2. d4 cxd4 3. c3 dxc3 4. Nxc3 a6 5. Bc4 e6 6. a3 Qc7 7. Ba2 Bd6 8. Nf3
Nc6 9. O-O Nge7 10. Bg5 Ng6 11. Rc1 Bf4 12. Bxf4 Qxf4 13. Qe2 O-O 14. Rfd1 f5
15. g3 Qg4 16. Nd4 Qxe2 17. Ndxe2 f4 18. Nd4 Nge5 19. Nce2 fxg3 20. fxg3 Nxd4
21. Nxd4 b5 22. Nf5 Bb7 23. Nd6 Bc6 24. Rf1 Rf6 25. Rxf6 gxf6 26. Kf1 Kf8 27.
Ke2 Ke7 28. Rd1 f5 29. exf5 Bf3+ 0-1

[Event "4NCL Online Division 5"]
[Site "online"]
[Date "2020.05.12"]
[Round "6.92"]
[White "Madhavan, Sanjith"]
[Black "Sharkey, Gary"]
[Result "1-0"]
[WhiteElo "1498"]
[BlackElo "1765"]
[PlyCount "49"]
[EventDate "2020.05.12"]
[WhiteTeam "East Kilbride"]
[BlackTeam "Maryport Assassins B"]

1. e4 d5 2. exd5 Nf6 3. Nc3 Bg4 4. Nf3 Nxd5 5. Nxd5 Qxd5 6. Be2 Nc6 7. h3 Bh5
8. d3 O-O-O 9. O-O e5 10. Be3 f5 11. Re1 f4 12. Bd2 Be7 13. Nxe5 Bxe2 14. Qxe2
Nd4 15. Qg4+ Kb8 16. c4 Qg8 17. Nd7+ Rxd7 18. Qxd7 Bf6 19. Bxf4 Nc2 20. Bxc7+
Ka8 21. Rac1 Nxe1 22. Rxe1 Bxb2 23. Rb1 Bf6 24. Bd8 b6 25. Qc8# 1-0